000 00490nam a2200181Ia 4500
008 220531s9999 xx 000 0 und d
041 _amar
100 _aपाचारण. शि.आणि इतर
_963230
245 _aपर्यटन भूगोल
250 _a1ST
260 _aPune
_bAtharva
_c2014
300 _a151
542 _d28-08-2014
551 _aGeography
_bGrantable-GEO
650 _aGeography
_963231
906 _d2014-2015
_f969
999 _c35929
_d35929